Statistics for U.S. Navy Ranks

Click here to take the quiz!

General Stats

  • This quiz has been taken 149 times
  • The average score is 14 of 21

Answer Stats

Pay GradeRank% Correct
E-3Seaman
92%
O-10Admiral
89%
O-6Captain
87%
E-2Seaman Apprentice
77%
O-3Lieutenant
75%
O-5Commander
70%
O-8Rear Admiral
70%
O-1Ensign
68%
E-1Seaman Recruit
65%
O-4Lieutenant Commander
64%
O-9Vice Admiral
63%
E-7Chief Petty Officer
62%
E-9Master Chief Petty Officer
58%
E-6Petty Officer First Class
58%
E-4Petty Officer Third Class
58%
E-5Petty Officer Second Class
57%
E-8Senior Chief Petty Officer
55%
O-2Lieutenant Junior Grade
51%
E-9Master Chief Petty Officer of the Navy
49%
O-7Rear Admiral Lower Half
44%
E-9Command Master Chief Petty Officer
40%

Score Distribution

Percentile by Number Answered

Percent of People with Each Score

Your Score History

You have not taken this quiz